Myoelektrické signály z paravertebrálneho svalstva ako kritériá úspešnosti liečby krčných poúrazových syndrómov

Bibliographic Details
Main Authors: Barovič, J. (Author), Turk, Z. (Author), Čelan, D. (Author), Jesenšek-Papež, B. (Author)
Format: Article
Language:Slovak
ISSN:0375-0922
Subjects:

MARC

LEADER 00000nab a2200000 a 4500
001 vtls000543548
003 SK-MaSNL
005 20260304084159.0
008 250425c1995 xo 0 slo
015 |a SNBRB19rr/mm-uuuuu 
035 |a CL0543686 
035 |a urn:nbn:sk:snk-ab7fui 
035 |a (urnnbn)urn:nbn:sk:snk:ar-005dxc 
035 |a (uuid)053ea18f-de3f-4dc8-99b8-db7a993bd136 
040 |a SNKBUCL  |b slo  |c SNKBUCL  |e AACR2 
041 0 |a slo 
044 |a xo  |c SK 
080 |a 616.711.1:616.721.1:616.833.3  |2 1981 
080 |a 616.721.1  |2 1981 
080 |a 616.833.3  |2 1981 
245 0 0 |a Myoelektrické signály z paravertebrálneho svalstva ako kritériá úspešnosti liečby krčných poúrazových syndrómov  |c J. Barovič ... [et al.] 
650 0 7 |a krčná chrbtica  |2 snkbucl  |9 79700 
650 0 7 |a poranenia chrbtice krčnej  |2 snkbucl  |9 1185616 
650 0 7 |a signály myoelektrické  |2 snkbucl  |9 1376267 
655 7 |a články z novín a časopisov  |2 snkbucl  |9 267496 
700 1 |a Barovič, J.  |4 aut  |9 1376268 
700 1 |a Turk, Z.  |4 aut  |9 1376269 
700 1 |a Čelan, D.  |4 aut  |9 1376270 
700 1 |a Jesenšek-Papež, B.  |4 aut  |9 1376271 
773 0 |t Rehabilitácia  |g Roč. 28, č. 1 (1995), s. 24  |x 0375-0922 
850 |a Slovenská národná knižnica 
852 |a Slovenská národná knižnica 
954 |a odborná, vedecká literatúra pôvodná (slovenská)  |2 lita 
958 |a article7 
958 |a OND 
958 |a RK 
958 |a MI 
958 |a NB 
958 |a EUIPO 
992 |a RBX 
999 |c 2802239  |d 2804169